Central Library OPAC University of Rajshahi

بلوغ المرام من أدلة الأحكام / Bulūgh al-marām min adillat al-aḥkām / (Record no. 80987)

MARC details
000 -LEADER
fixed length control field 01216nam a2200241 a 4500
001 - CONTROL NUMBER
control field 80987
003 - CONTROL NUMBER IDENTIFIER
rucl marc code BD-RjUL
005 - DATE AND TIME OF LATEST TRANSACTION
control field 20221219152927.0
008 - FIXED-LENGTH DATA ELEMENTS--GENERAL INFORMATION
fixed length control field 221221s1982 ii 000 0 ara d
035 ## - SYSTEM CONTROL NUMBER
System control number (BD-RjUL) 80987
040 ## - CATALOGING SOURCE
Original cataloging agency CtY
Transcribing agency CtY
Modifying agency UkOxU
Language of cataloging eng
041 ## - LANGUAGE CODE
Language code of text/sound track or separate title ara
082 ## - DEWEY DECIMAL CLASSIFICATION NUMBER
Edition number 23
Classification number 297.125
Author mark and year IBB 1982
100 1# - MAIN ENTRY--PERSONAL NAME
Personal name ابن حجر العسقلاني، أحمد بن علي. Ibn Ḥajar al-ʿAsqalānī, Aḥmad ibn ʿAlī,
Dates associated with a name 1372-1449.
9 (RLIN) 6365
245 10 - TITLE STATEMENT
Title بلوغ المرام من أدلة الأحكام / Bulūgh al-marām min adillat al-aḥkām /
Statement of responsibility, etc. لأبي الفضل أحمد بن حجر العسقلاني ؛ حقق أصوله وعلق عليه رضوان محمد رضوان. li-Abī al-Faḍl Aḥmad ibn Ḥajar al-ʿAsqalāni ; ḥaqqaqa uṣūlahu wa-ʿallaqa ʿalayhi Raḍwān Muḥammad Raḍwān.
260 ## - PUBLICATION, DISTRIBUTION, ETC. (IMPRINT)
Place of publication, distribution, etc. Benaras : :
Name of publisher, distributor, etc. al mamiat al salfiat،,
Date of publication, distribution, etc. 1982
300 ## - PHYSICAL DESCRIPTION
Pagination 470 p. ;
Size 25 cm.
650 #0 - SUBJECT ADDED ENTRY--TOPICAL TERM
Topical term or geographic name as entry element Hadith
Form subdivision Texts
-- Early works to 1800.
9 (RLIN) 6366
Topical term or geographic name as entry element Islamic law
Form subdivision Early works to 1800.
9 (RLIN) 667
700 1# - ADDED ENTRY--PERSONAL NAME
Personal name رضوان، رضوان محمد. Raḍwān, Raḍwān Muḥammad.
942 ## - ADDED ENTRY ELEMENTS (KOHA)
Source of classification or shelving scheme Dewey Decimal Classification
Koha item type Books
Holdings
Lost status Source of classification or shelving scheme Damaged status Not for loan Collection code Permanent Location Current Location Shelving location Date acquired Source of acquisition Cost, normal purchase price Full call number Date last seen Copy number Koha item type
  Dewey Decimal Classification   Not For Loan Non-fiction Central Library, University of Rajshahi Central Library, University of Rajshahi Reading Room 14/08/1989 Karim International 36.75 A 297.125 IBB 1982 19/12/2022 C-1 Books